Loading...
Fine Arts - Classical Music | 7 | 10.00 | 86% | 0% | 14% |
Fine Arts - Other Fine Arts | 2 | 5.00 | 50% | 0% | 0% |
Fine Arts - Visual Fine Arts | 2 | 5.00 | 50% | 0% | 0% |
Geography/Current Events | 1 | 10.00 | 100% | 0% | 0% |
History - American History | 4 | 7.50 | 75% | 0% | 0% |
History - European History | 6 | 8.33 | 50% | 33% | 0% |
History - Other History | 4 | 7.50 | 75% | 0% | 0% |
History - World History | 1 | 0.00 | 0% | 0% | 0% |
Literature - American Literature | 4 | 5.00 | 50% | 0% | 0% |
Literature - British Literature | 4 | 10.00 | 75% | 25% | 0% |
Literature - European Literature | 2 | 10.00 | 50% | 50% | 0% |
Literature - World/Other Literature | 4 | 7.50 | 50% | 25% | 0% |
Mythology | 4 | 10.00 | 75% | 25% | 0% |
Other Academic | 1 | 10.00 | 100% | 0% | 0% |
Philosophy | 3 | 10.00 | 67% | 33% | 0% |
Pop Culture | 2 | 10.00 | 50% | 0% | 50% |
Religion | 2 | 5.00 | 50% | 0% | 0% |
Science - Biology | 4 | 12.50 | 100% | 25% | 0% |
Science - Chemistry | 3 | 6.67 | 67% | 0% | 0% |
Science - Other Science | 2 | 15.00 | 100% | 50% | 0% |
Science - Physics | 4 | 15.00 | 100% | 25% | 25% |
Social Science | 4 | 10.00 | 100% | 0% | 0% |